| 000 | 00774nas a2200277 4500 | ||
|---|---|---|---|
| 001 | BR2012008105 | ||
| 003 | BR-BrBNA | ||
| 005 | 20231205121350.0 | ||
| 007 | ta | ||
| 008 | 230509b bl.|||p| |||| 00| 00por d | ||
| 040 |
_aBR-BrBNA _bpor _cBiblioteca Nacional de Agricultura |
||
| 041 | _a(Pt) | ||
| 072 | _aP01 | ||
| 100 | 1 | _aPerosa, B. | |
| 100 | 1 | _aFredo, C.E. | |
| 100 | 1 | _aBelik, W. | |
| 245 | 1 | _aRiscos e oportunidades | |
| 650 | _aCANA DE AÇÚCAR | ||
| 650 | _aDESENVOLVIMENTO SUSTENTÁVEL | ||
| 650 | _aPRESERVAÇÃO DA NATUREZA | ||
| 650 | _aQUEIMADA | ||
| 650 | _aLEGISLAÇÃO | ||
| 773 | 0 |
_tAgroanalysis (Brazil) _xISSN 0100-4298 _g(Oct 2012), v. 32(10) p. 16-18 _wBR2012008105 |
|
| 909 |
_a202311 _bLúcia _c55 _dLúcia Elande |
||
| 942 |
_2AGRIS _n0 _cANA |
||
| 999 |
_c223184 _d223184 |
||